Social geographies : (Record no. 481228)

MARC details
000 -LEADER
fixed length control field 01643cam a2200421 i 4500
001 - CONTROL NUMBER
control field EDZ0000067620
003 - CONTROL NUMBER IDENTIFIER
control field StDuBDS
005 - DATE AND TIME OF LATEST TRANSACTION
control field 20161031105203.0
006 - FIXED-LENGTH DATA ELEMENTS--ADDITIONAL MATERIAL CHARACTERISTICS--GENERAL INFORMATION
fixed length control field m||||||||d||||||||
007 - PHYSICAL DESCRIPTION FIXED FIELD--GENERAL INFORMATION
fixed length control field cr |||||||||||
008 - FIXED-LENGTH DATA ELEMENTS--GENERAL INFORMATION
fixed length control field 120405t20042004enkab fob 001|0|eng d
020 ## - INTERNATIONAL STANDARD BOOK NUMBER
International Standard Book Number 9781446220351 (ebook) :
Terms of availability No price
040 ## - CATALOGING SOURCE
Original cataloging agency StDuBDS
Language of cataloging eng
Transcribing agency StDuBDS
Description conventions rda
-- pn
049 ## - LOCAL HOLDINGS (OCLC)
Holding library Alfaisal Main Library
050 #0 - LIBRARY OF CONGRESS CALL NUMBER
Classification number GF41
Item number .P33 2004
082 04 - DEWEY DECIMAL CLASSIFICATION NUMBER
Classification number 304.2
Edition number 23
100 1# - MAIN ENTRY--PERSONAL NAME
Personal name Panelli, Ruth,
Relator term author.
245 10 - TITLE STATEMENT
Title Social geographies :
Remainder of title from difference to action /
Statement of responsibility, etc Ruth Panelli.
264 #1 - PRODUCTION, PUBLICATION, DISTRIBUTION, MANUFACTURE STATEMENTS
Place of production, publication, distribution, manufacture London :
Name of producer, publisher, distributor, manufacturer SAGE,
Date of production, publication, distribution, manufacture [2004]
264 #4 - PRODUCTION, PUBLICATION, DISTRIBUTION, MANUFACTURE STATEMENTS
Date of production, publication, distribution, manufacture �2004
300 ## - PHYSICAL DESCRIPTION
Extent 1 online resource (xvii, 287 pages) :
Other physical details illustrations, maps
336 ## - CONTENT TYPE
Content Type Term text
Source rdacontent
336 ## - CONTENT TYPE
Content Type Term still image
Source rdacontent
336 ## - CONTENT TYPE
Content Type Term cartographic image
Source rdacontent
337 ## - MEDIA TYPE
Media Type Term computer
Source rdamedia
338 ## - CARRIER TYPE
Carrier Type Term online resource
Source rdacarrier
504 ## - BIBLIOGRAPHY, ETC. NOTE
Bibliography, etc Includes bibliographical references and index.
520 8# - SUMMARY, ETC.
Summary, etc This accessible textbook is a stimulating introduction to contemporary social geography. It provides students with the tools to understand the various frameworks that geographers use to conceptualize, document, and attempt to overcome social differences.
521 ## - TARGET AUDIENCE NOTE
Target audience note Specialized.
588 ## -
-- Description based on print version record.
650 #0 - SUBJECT ADDED ENTRY--TOPICAL TERM
Topical term or geographic name as entry element Social geography.
650 #0 - SUBJECT ADDED ENTRY--TOPICAL TERM
Topical term or geographic name as entry element Social geography
General subdivision Methodology.
655 #7 - INDEX TERM--GENRE/FORM
Genre/form data or focus term Electronic books.
Source of term local
710 2# - ADDED ENTRY--CORPORATE NAME
Corporate name or jurisdiction name as entry element Sage eBooks
776 08 - ADDITIONAL PHYSICAL FORM ENTRY
Display text Print version :
International Standard Book Number 9780761968948
856 40 - ELECTRONIC LOCATION AND ACCESS
Uniform Resource Identifier <a href="http://ezproxy.alfaisal.edu/login?url=http://sk.sagepub.com/books/social-geographies">http://ezproxy.alfaisal.edu/login?url=http://sk.sagepub.com/books/social-geographies</a>
942 ## - ADDED ENTRY ELEMENTS (KOHA)
Source of classification or shelving scheme Library of Congress Classification
Koha item type eBooks

No items available.

Copyright © 2020 Alfaisal University Library. All Rights Reserved.
Tel: +966 11 2158948 Fax: +966 11 2157910 Email:
librarian@alfaisal.edu